000 00910nam a2200217Ia 4500
001 17401
003 GE_BSU
008 181216s||||||||xx |||||||||||||| ||und||
040 _cGE_BSU
080 _a325.2(=353.1) + 821.353.1.092
100 _aპაპავა,თამარ
245 _aგაბნეული საფლავები
245 _bდოკუმ.მასალა ქართვ.ემიგრანტ მწერლებზე
245 _cშეადგინა და წინასიტყვ.დაუთო გურამ შარაძემ;რედ.:ი. ანთელავა.
260 _aთბილისი
260 _bმეცნიერება
260 _c1990
300 _a126გვ. ; 20სმ.
653 _aდოკუმ.მასალა ქართვ.ემიგრანტ მწერლებზე
942 _cBK
999 _c50455
_d50455